MDQL
is popping MORE tags! Check the
thread
!
Quizzes
Events
Quiz Creation
Community
Videos
Private Events
Remove Ads
Sign In
Join for FREE
Feedback
Dark Mode
Quiz Categories
Sports
Geography
Music
Movies
Television
Just For Fun
Miscellaneous
History
Literature
Language
Science
Gaming
Entertainment
Religion
Holiday
For Kids
Quiz Lab
Recent
Popular Today
Quiz Kudos Today
Editor Picks
Curator Picks
Quizzes by...
Day
Popularity
Type
Ratings
Length
Year
Community
Subscriptions
Recent Discussions
Orange Saloon
Badges
Playlists
Quests
Create
Leaderboards
Showdown
Live 5
Trivia Bingo
Activity
Puzzle Library
Sporcle Events
Private Events
Virtual Trivia
Globe League
Become a Host
Pub Owners
SporcleCon
Opinionation
Our Games
Videos
Blog
Mobile Apps
Partnerships
Remove Ads and Go Orange
Feedback
Science
Computer
Plants
Astronomy
Chemistry
Elements
Math
Animal
Physics
Anatomy
Biology
Geology
General Science
Science
Computer
Plants
Astronomy
Chemistry
Elements
Math
Animal
Physics
Anatomy
Biology
Geology
General Science
Random Quiz
Search Sporcle
×
Quiz Lab
Quiz Lab
Science
2014
Type in answers that appear in a list
Type in answers that appear in a list
Classic
Best Score? Go Orange.
Drug Classes Top 200 Fall 2014 Stats
Can you name the Drug Classes Top 200 Fall 2014?
By
pharm17
20m
51 Questions
15 Plays
15 Plays
15 Plays
Comments
Comments
Give Quiz Kudos
Give Quiz Kudos
-
- Ratings
hide this ad
Forced Order
Answers have to be entered in order
Answers have to be entered in order
Random Order
Randomize order of answers
Randomize order of answers
Replay
Link that replays current quiz
Next Quiz
Link to next quiz in quiz playlist
You Got
0%
They Got
Avg Score
60%
Avg Friend Score
Upgrade to see
Score Distribution
Jump to the score distribution portion of the page
Score
0/51
Timer
20:00
0
Plays Today
Hint
Answer
% Correct
Folic acid
Vitamin
80%
Ethinyl estradiol/
norgestimate
Contraceptive
80%
Fluoxetine
Antidepressant, SSRI
80%
Ibandronate
Bisphosphonate
73.3%
Alendronate
Bisphosphonate
73.3%
Ethinyl estradiol/
desogestrel
Contraceptive
73.3%
Ethinyl estradiol/
norethindrone
Contraceptive
73.3%
Ethinyl estradiol/
etonogestrel
Contraceptive
73.3%
Citalopram
Antidepressant, SSRI
73.3%
Escitalopram
Antidepressant, SSRI
73.3%
Sertraline
Antidepressant, SSRI
73.3%
Zipradisone
Atypical Antipsychotic
73.3%
Olanzapine
Atypical Antipsychotic
73.3%
Ethinyl estradiol/
drospirenone
Contraceptive
66.7%
Ergocalciferol
Vitamin D analog
66.7%
Amphetamine and Dextroamphetamine Salts
ADHD Agent, stimulant
66.7%
Methylphenidate HCl IR (Methylphenidate HCl ER)
ADHD Agent, stimulant
66.7%
Lorazepam
Antianxiety Agent, Benzodiazepine
66.7%
Clonazepam
Antianxiety Agent, Benzodiazepine
66.7%
Diazepam
Antianxiety Agent, Benzodiazepine
66.7%
Alprazolam
Antianxiety Agent, Benzodiazepine
66.7%
Amitriptyline
Antidepressant, Tricyclic
66.7%
Aripiprazole
Atypical Antipsychotic
66.7%
Risperidone
Atypical Antipsychotic
66.7%
Risedronate
Bisphosphonate
60%
Cyclosporine
Immunosuppressant
60%
Hint
Answer
% Correct
Estradiol (oral)
Estrogen Derivative
60%
Conjugated equine estrogens
Estrogen Derivative
60%
Lisdexamfetamine
ADHD Agent, stimulant
60%
Duloxetine
Antidepressant, Serotonin|Norepinephrine Reuptake Inhibitor
60%
Venlafaxine
Antidepressant, Serotonin|Norepinephrine Reuptake Inhibitor
60%
Desvenlafaxine
Antidepressant, Serotonin|Norepinephrine Reuptake Inhibitor
60%
Paroxetine
Antidepressant, SSRI
60%
Quetiapine
Atypical Antipsychotic
60%
Zolpidem tartrate
Hypnotic, nonbenzodiazepine
60%
Eszopiclone
Hypnotic, nonbenzodiazepine
60%
Clobetasol
Corticosteroid, Topical
53.3%
Methotrexate
Antineoplastic, Antirheumatic
53.3%
Hydroxychloroquine
Antirheumatic; antimalarial
53.3%
Allopurinol
Xanthine oxidase inhibitor Gout
53.3%
Bupropion ER
Antidepressant, Dopamine-Reuptake Inhibitor
53.3%
Temazepam
Benzodiazepine, Hypnotic
53.3%
Latanoprost
Prostaglandin analog Antiglaucoma
46.7%
Colchicine
Antigout agent
46.7%
Trazodone
Antidepressant, Serotonin reuptake inhibitor
46.7%
Travoprost
Prostaglandin analog Antiglaucoma
40%
Olopatadine
Histamine H1 Antagonist
33.3%
Benztropine
Anti-Parkinson's Agent, Anticholinergic
33.3%
Ropinirole HCl
Anti-Parkinson's Agent, Dopamine Agonist
26.7%
Buspirone HCl
Antianxiety Agent, Non-benzodiazepine
26.7%
Mirtazapine
Antidepressant, alpha-2 antagonist
20%
Quiz Playlist
Details
Report
Send in Message
Add To Playlist
Classic:
Type in answers that appear in a list
Forced Order:
Answers have to be entered in order
Random Order:
Randomize order of answers
Last Updated: Feb 16, 2017
Quiz Scoreboard
CHALLENGE
Sign Up to Join the Scoreboard
Show All
Scores
Hide
Comments
May contain spoilers
Recently Published
5x2 Blitz: Bands
by SL_Kpop136
Music
30s
Colored Red Africa Blitz
by spor1
Geography
30s
Find the 'City' Movie
by crazypaving
Movies
60s
More to Explore
Quiz From the Vault
Featured Blog Post
14 Easter Pick-up Lines to Find Eggs With
hide this ad
You Might Also Like...
Tags
200
2014
class
Drug
fall
Top 200
Today's Top Quizzes in Science
Browse Science
hide this ad
Today's Top Quizzes in 2014
Browse 2014
Top Contributed Quizzes in Science
1
Windmill: Elements
2
17 TIMES TABLE
3
Glycolysis
4
Square Numbers Scrambled (1-50)
5
Astronomy Spelling Bee
6
'C' Flowers II
7
Vet Tech Pharmacology Drug Contraindications
8
Missing Vowel Minefield: Lanthanides
9
Sorting Squares: Animals by Continent
10
3-letter Elementary Words
Explore More
Trending Topics
NBA
Marvel
Disney
Anime
Kpop
Crossword
Harry Potter
Puzzle
Pokémon
WWE
Song
The Office
NFL
Soccer
Country
hide this ad
More By:
pharm17
Quiz
Plays
Rating
Category
Featured
Created
SIG Abbreviations
140
Miscellaneous
Sep 2, 2013
Generic to Brand Top 200 Spring 2014
93
Miscellaneous
Feb 25, 2014
Brand to Generic Fall 2013
79
5.00
Science
Oct 17, 2013
Generic to Brand Top 200 Fall 2013
78
Science
Feb 22, 2014
Generic to Brand Top 200 Fall 2014
55
Science
Jul 28, 2014
Go to Creator's Profile
Score Distribution
Quiz Creator Spotlight
pharm17
Follow
Send a Message
Quizzes Created
-
Created Quiz Play Count
-
More By This Creator
Popular Quizzes Today
1
Colored Red Africa Blitz
2
Find the 'City' Movie
3
5x2 Blitz: Bands
4
Find the US States - No Outlines Minefield
5
The Countries of the World
6
Find the US States
7
US States
8
Find the Countries of Europe - No Outlines Minefield
More Science Quizzes
Chemicals Needed To Make A Tesla
Curator's Pick
Trending Quizzes
Colored Red Europe Blitz I
Colored Red Europe Blitz II
Colored Red Africa Blitz II
Colored Red Europe Blitz III
Colored Red Africa Blitz III
Recently Updated
How Do You Spell That?
pecheneg
Godzilla Movies
pecheneg
Grab Bag: 4-10 Letters
pecheneg
2024 March Madness Bracket
pecheneg
Famous TV Couples
Peacemaker
Champions League XIs: Real Madrid
pecheneg
Largest US Cities 1790-2010
pecheneg
Rides in Walt Disney World
pecheneg
Most Oscar Losses (Acting)
pecheneg
Beyoncé Albums
pecheneg
Trending Topics
Harry Potter
Disney
Anime
Kpop
Crossword
Marvel
NBA
WWE
Song
The Office
Puzzle
NFL
Soccer
Country
Pokémon
Your Account Isn't Verified!
In order to create a playlist on Sporcle, you need to verify the email address you used during registration. Go to your
Sporcle Settings
to finish the process.
Report this User
Report this user for behavior that violates our
Community Guidelines
.
Details:
Send Report
Go to the Sporcle.com Mobile Site →
Comments